| 000 | 00918nam a2200277Ia 4500 | ||
|---|---|---|---|
| 003 | OSt | ||
| 005 | 20221005092422.0 | ||
| 006 | a|||||r|||| 00| 0 | ||
| 007 | ta | ||
| 008 | 221004b |||||||| |||| 00| 0 eng d | ||
| 020 |
_a9781138911383 (hbk) _cUKP 110.00 |
||
| 024 | _a34969 | ||
| 037 |
_b1420, 13/09/2017, Bright Book Service _cTextual |
||
| 040 |
_aCRL _cCRL _beng |
||
| 041 |
_2eng _aeng |
||
| 082 | _aNW, Q7 | ||
| 100 |
_aWildfeuer Janian Ed. _9617277 |
||
| 245 | 0 |
_aFilm text analysis _b new perspective on the analysis of filmic meaning |
|
| 260 |
_aNew York _bRoutledge USA _c2017 |
||
| 300 |
_aix,208p. _ccm. |
||
| 490 | _aRoutledge advances in film studies | ||
| 650 |
_aMOTION PICTURES _927571 |
||
| 700 |
_a Bateman John A. Ed. _9617278 |
||
| 942 |
_hNW, Q7 _cTEXL _2cc |
||
| 999 |
_c998804 _d998804 |
||